| 000 | 01176cam a2200325 a 4500 | ||
|---|---|---|---|
| 001 | 17283301 | ||
| 003 | OSt | ||
| 005 | 20240823115940.0 | ||
| 008 | 120221s2011 ii a b 001 0 eng | ||
| 010 | _a 2012335867 | ||
| 020 | _a9789380081199 | ||
| 025 | _aI-E-2012-335867; 10-91; 59-24 | ||
| 035 | _a(IN-NdUBS) 2012335867 | ||
| 037 | _bLibrary of Congress -- New Delhi Overseas Office | ||
| 040 |
_aDLC _cDLC _dDLC |
||
| 042 |
_alcode _apcc |
||
| 043 | _aa-ii--- | ||
| 050 | 0 | 0 |
_aDS432.M84 _bM686 2011 |
| 082 |
_a305.697095483 _bMOR/O |
||
| 100 | 1 |
_aMore, J. B. P. _q(J. B. Prashant) _92454 |
|
| 245 | 1 | 0 |
_aOrigin and early history of the Muslims of Keralam, 700 A.D.-1600 A.D. / _cJ.B.P. More. |
| 260 |
_aCalicut : _bOther Books, _c2011. |
||
| 300 |
_a248 p. : _bill. ; _c22 cm. |
||
| 504 | _aIncludes bibliographical references (p. 198-230) and index. | ||
| 650 | 0 |
_aMuslims _zIndia _zKerala _xHistory. |
|
| 651 | 0 |
_aKerala (India) _xHistory. |
|
| 906 |
_a7 _bcbc _corigode _d3 _encip _f20 _gy-gencatlg |
||
| 942 |
_2ddc _cBK _h305.697095483 _iMOR/O _k305.697095483 _mMOR/O |
||
| 999 |
_c42681 _d42681 |
||